Northern Ireland opts for capital value domestic rating (Record no. 72253)

MARC details
000 -LEADER
fixed length control field 01017cam a2200205 4500
001 - CONTROL NUMBER
control field WB3909-22
008 - FIXED-LENGTH DATA ELEMENTS--GENERAL INFORMATION
fixed length control field 030306n2003 000 0 eng u
035 ## - SYSTEM CONTROL NUMBER
System control number (Sirsi) u121556
245 ## - TITLE STATEMENT
Title Northern Ireland opts for capital value domestic rating
260 ## - PUBLICATION, DISTRIBUTION, ETC.
Date of publication, distribution, etc. 2003
490 ## - SERIES STATEMENT
Series statement IRRV Insight
Volume/sequential designation (5.5) January/February 2003, 8(1)
520 ## - SUMMARY, ETC.
Summary, etc. Northern Ireland is to adopt a new rating system for valuing domestic properties: houses will be assessed by their market value, not their rental value. The new system is expected to come into force in 2006. Consultation by the Northern Irish government showed that many bodies were in favour of a new system based on a property's market value. The responses and public consultation report are available in full on the Rating Policy website, http://www.nics.gov.uk/ratingpolicy/.
590 ## - LOCAL NOTE (RLIN)
Local note WB
650 ## - SUBJECT ADDED ENTRY--TOPICAL TERM
Topical term or geographic name entry element NORTHERN IRELAND
650 ## - SUBJECT ADDED ENTRY--TOPICAL TERM
Topical term or geographic name entry element RATING SYSTEM
650 ## - SUBJECT ADDED ENTRY--TOPICAL TERM
Topical term or geographic name entry element MARKET VALUES
650 ## - SUBJECT ADDED ENTRY--TOPICAL TERM
Topical term or geographic name entry element RENTAL VALUES
690 ## - LOCAL SUBJECT ADDED ENTRY--TOPICAL TERM (OCLC, RLIN)
Topical term or geographic name as entry element RATING AND LOCAL TAXATION
942 ## - ADDED ENTRY ELEMENTS (KOHA)
Suppress in OPAC 0
Holdings
Withdrawn status Lost status Source of classification or shelving scheme Damaged status Not for loan Home library Current library Shelving location Date acquired Total Checkouts Full call number Barcode Date last seen Copy number Price effective from Koha item type
    Dewey Decimal Classification     London London News article 06/03/2003   WB3909-22 121556-1001 06/08/2019 1 06/08/2019 News article